[Event "Andorra op 12th"]
[Site "Andorra"]
[Date "1994.??.??"]
[Round "2"]
[White "Veingold, Aleksandr"]
[Black "Levchenkov, Vitaly S"]
[Result "1/2-1/2"]
[WhiteElo "2430"]
[BlackElo "2310"]
[PlyCount "46"]
[EventDate "1994.06.??"]
[EventType "swiss"]
[EventRounds "9"]
[EventCountry "AND"]
[SourceTitle "TD"]
[Source "ChessBase"]
[SourceDate "1994.03.01"]
[SourceVersion "1"]
[SourceVersionDate "1994.03.01"]
[SourceQuality "1"]

1. d4 Nf6 2. Nf3 g6 3. c4 Bg7 4. Nc3 d5 5. Bg5 Ne4 6. cxd5 Nxg5 7. Nxg5 e6 8. Nf3 exd5 9. e3 0-0 10. Be2 c6 11. b4 Be6 12. 0-0 Nd7 13. Rc1 a6 14. Re1 f5 15. a4 g5 16. Bd3 g4 17. Nd2 Nf6 18. Ne2 Ne4 19. Nf4 Bd7 20. Nb3 Bh6 21. Nc5 Nxc5 22. bxc5 Qf6 23. Bc2 Rae8 1/2-1/2

[Event "Katowice Fibak op"]
[Site "Katowice"]
[Date "1993.??.??"]
[Round "6"]
[White "Bashkov, Viacheslav"]
[Black "Levchenkov, Vitaly S"]
[Result "0-1"]
[WhiteElo "2450"]
[BlackElo "2250"]
[PlyCount "132"]
[EventDate "1993.01.??"]
[EventType "swiss"]
[EventRounds "9"]
[EventCountry "POL"]
[SourceTitle "EXT 1998"]
[Source "ChessBase"]
[SourceDate "1997.11.17"]
[SourceVersion "1"]
[SourceVersionDate "1997.11.17"]
[SourceQuality "1"]

1. e4 c5 2. c3 Nf6 3. e5 Nd5 4. Nf3 Nc6 5. d4 cxd4 6. Bc4 Nb6 7. Bb3 d5 8. exd6 Qxd6 9. cxd4 Be6 10. 0-0 Bxb3 11. Qxb3 e6 12. Nc3 Be7 13. Nb5 Qb8 14. Ne5 Nxd4 15. Nxd4 Qxe5 16. Be3 0-0 17. Nb5 a6 18. Nd4 Nd5 19. Qxb7 Rfb8 20. Qd7 Rxb2 21. Rfc1 Qd6 22. Rc8+ Rxc8 23. Qxc8+ Bf8 24. Qc1 Rb7 25. Bd2 h6 26. Rb1 Rxb1 27. Qxb1 Qb6 28. Nb3 Bb4 29. Qc2 Bxd2 30. Qxd2 Qb4 31. Qxb4 Nxb4 32. Nc5 a5 33. Nb7 a4 34. a3 Nc2 35. Nc5 Nxa3 36. f4 Kf8 37. Nxa4 Ke7 38. Kf2 Kd6 39. g4 Nb5 40. h4 Kd5 41. Kg3 Kd4 42. h5 f6 43. Nb6 e5 44. fxe5 fxe5 45. g5 e4 46. gxh6 gxh6 47. Nd7 Nd6 48. Nf8 Kd3 49. Ne6 Kd2 50. Kf4 e3 51. Nd4 Kd3 52. Nb3 Nc4 53. Nc1+ Kd2 54. Nb3+ Kc3 55. Nc1 Kd2 56. Nb3+ Ke2 57. Nd4+ Kf2 58. Kf5 Nd6+ 59. Kg6 Nb5 60. Nc2 e2 61. Kxh6 Nd4 62. Kg7 Nxc2 63. h6 e1Q 64. h7 Qe7+ 65. Kg8 Qe8+ 66. Kg7 Ne3 0-1

[Event "Pardubice op"]
[Site "Pardubice"]
[Date "1993.??.??"]
[Round "2"]
[White "Fominyh, Alexander"]
[Black "Levchenkov, Vitaly S"]
[Result "1/2-1/2"]
[WhiteElo "2515"]
[BlackElo "2300"]
[PlyCount "95"]
[EventDate "1993.07.??"]
[EventType "swiss"]
[EventRounds "9"]
[EventCountry "CZE"]
[SourceTitle "TD"]
[Source "ChessBase"]
[SourceDate "1994.03.01"]
[SourceVersion "1"]
[SourceVersionDate "1994.03.01"]
[SourceQuality "1"]

1. d4 Nf6 2. c4 g6 3. g3 Bg7 4. Bg2 d5 5. cxd5 Nxd5 6. Nf3 0-0 7. 0-0 c5 8. dxc5 Na6 9. Qa4 Nxc5 10. Qh4 e6 11. Bg5 f6 12. Bd2 g5 13. Qc4 b6 14. Nc3 Nxc3 15. Qxc3 Bb7 16. Qe3 g4 17. Nh4 Bxg2 18. Nxg2 f5 19. Bb4 Bd4 20. Qa3 Qf6 21. Bxc5 Bxc5 22. Qb3 Rfd8 23. Nf4 Kf7 24. Rad1 Bd6 25. Nd3 h5 26. f3 Qd4+ 27. Nf2 Qb4 28. Qe3 Qxb2 29. Qh6 Rh8 30. Qe3 Qe5 31. Qxe5 Bxe5 32. fxg4 hxg4 33. Nxg4 Bf6 34. Rd7+ Kg6 35. Nxf6 Kxf6 36. Rc1 Rhd8 37. Rcc7 Rxd7 38. Rxd7 Ke5 39. a4 Ke4 40. Kf2 e5 41. h4 f4 42. g4 Rh8 43. h5 Rg8 44. Rxa7 Rxg4 45. h6 Rh4 46. h7 Rh2+ 47. Kg1 Rh6 48. Kf2 1/2-1/2